| 000 | 00497nmm a2200169Ia 4500 | ||
|---|---|---|---|
| 008 | 251105s9999||||xx |||||||||||||||||und|| | ||
| 020 | _a9788417382216 | ||
| 041 | _aspa | ||
| 100 | _aDelgado, Ana | ||
| 245 | 0 |
_aAl-Hicha : _b La otra peregrinación |
|
| 264 |
_a[Madrid, España] : _bLantia, _c[Fecha de publicación no identificada] |
||
| 300 | _a0 páginas | ||
| 490 | _aCaligrama | ||
| 650 | _aHistorical fiction | ||
| 856 | _uhttps://public.digitaliapublishing.com/a/121211 | ||
| 942 | _cCF | ||
| 999 |
_c78667 _d78667 |
||